000 00740cam a22002053a 4500
001 41316
003 PGUSA
005 20140828083930.0
008 121107s2012||||xxu|||||s|||||000 | eng d
040 _aPGUSA
_beng
042 _adc
100 1 _aGiddings, Joshua R.,
_d1795-1864
245 1 4 _aThe Exiles of Florida ;
_bor, The crimes committed by our government against the Maroons, who fled from South Carolina and other slave states, seeking protection under Spanish laws.
_h[electronic resource] /
_cJoshua R. Giddings
260 _bProject Gutenberg,
_c2012
506 _aPublic domain in the USA.
516 _aElectronic text
830 0 _aProject Gutenberg
_v41316
856 4 0 _uhttp://www.gutenberg.org/ebooks/41316
942 _cEB
999 _c270568
_d270568